<?xml version="1.0" encoding="UTF-8"?>
<collection xmlns="http://www.loc.gov/MARC21/slim">
 <record>
  <leader>     na                 </leader>
  <controlfield tag="001">INLIS000000000698741</controlfield>
  <controlfield tag="005">20251205025256</controlfield>
  <datafield tag="035" ind1=" " ind2=" ">
   <subfield code="a">0010-1225000047</subfield>
  </datafield>
  <controlfield tag="007">ta</controlfield>
  <controlfield tag="008">251205                a          0 ind  </controlfield>
  <datafield tag="040" ind1=" " ind2=" ">
   <subfield code="a">JIPUBAY</subfield>
  </datafield>
  <datafield tag="100" ind1="0" ind2=" ">
   <subfield code="a">Jachinta Lucy</subfield>
   <subfield code="e">Pengarang</subfield>
   <subfield code="e">Jachinta Lucy</subfield>
   <subfield code="e">Pengarang</subfield>
  </datafield>
  <datafield tag="245" ind1="1" ind2=" ">
   <subfield code="a">Jago menulis + kreativitas PAUD /</subfield>
   <subfield code="c">M. Jachinta Lucy, S.Pd. ; desain oleh, Andi Putra</subfield>
  </datafield>
  <datafield tag="250" ind1=" " ind2=" ">
   <subfield code="a">cetakan pertama</subfield>
  </datafield>
  <datafield tag="300" ind1=" " ind2=" ">
   <subfield code="a">64 halaman :</subfield>
   <subfield code="b">ilustrasi ;</subfield>
   <subfield code="c">27 cm</subfield>
  </datafield>
  <datafield tag="020" ind1=" " ind2=" ">
   <subfield code="a">978-623-00-5351-1</subfield>
  </datafield>
  <datafield tag="082" ind1=" " ind2=" ">
   <subfield code="a">372.21</subfield>
  </datafield>
  <datafield tag="084" ind1=" " ind2=" ">
   <subfield code="a">372.21 JAC j</subfield>
  </datafield>
  <datafield tag="264" ind1=" " ind2=" ">
   <subfield code="a">Jakarta :</subfield>
   <subfield code="b">Elex Media Komputindo,</subfield>
   <subfield code="c">2023</subfield>
  </datafield>
  <datafield tag="336" ind1=" " ind2=" ">
   <subfield code="2">rdacontent</subfield>
   <subfield code="a">teks bergambar</subfield>
  </datafield>
  <datafield tag="337" ind1=" " ind2=" ">
   <subfield code="2">rdamedia</subfield>
   <subfield code="a">tanpa perantara</subfield>
  </datafield>
  <datafield tag="338" ind1=" " ind2=" ">
   <subfield code="2">rdacarrier</subfield>
   <subfield code="a">volume</subfield>
  </datafield>
  <datafield tag="520" ind1=" " ind2=" ">
   <subfield code="a">Buku ini sangat tepat dijadikan sebagai bahan latihan untuk mengasah motorik halus anak-anak. Latihan-latihan yang tepat itu berupa menarik garis lengkung, bulat, kotak, bintang dan bentuk-bentuk lainnya.&#13;
&#13;
Setelah lancar dengan membentuk sebuah benda, anak-anak siap latihan membentuk angka-angka dan huruf-huruf.&#13;
&#13;
Selain itu ada latihan lain yang menarik seperti mewarnai, menggunting, menempel, dan menjiplak.&#13;
&#13;
Ayo, anak-anak siap berkreasi!</subfield>
  </datafield>
  <datafield tag="650" ind1=" " ind2="4">
   <subfield code="a">pendidikan anak usia dini</subfield>
  </datafield>
  <datafield tag="700" ind1="0" ind2=" ">
   <subfield code="a">Andi Putra</subfield>
   <subfield code="e">Ilustrator</subfield>
  </datafield>
  <datafield tag="850" ind1=" " ind2=" ">
   <subfield code="a">JIPUBAY</subfield>
  </datafield>
 </record>
</collection>
